| 000 | 00640nam a2200217Ia 4500 | ||
|---|---|---|---|
| 003 | GCL | ||
| 005 | 20240530095524.0 | ||
| 008 | 140319s9999 xx 000 0 ara d | ||
| 020 | _a8790299953 | ||
| 040 |
_aGCL / _cGCL |
||
| 082 | 0 | 4 |
_a910.3 _bم/ع ق |
| 100 | 1 | _aعلى لبيب | |
| 245 | 1 | 0 |
_aقاموس الجغرافيا / _cعلى لبيب |
| 250 | _aالاولى | ||
| 260 |
_aبيروت : _bالدار العربية للعلوم ، _c2004 |
||
| 300 |
_a344 ص ؛ _c28 سم |
||
| 650 | 0 | 4 | _aالجغرافيا |
| 650 | 0 | 4 | _aالجغرافيا - معاجم |
| 650 | 0 | 4 | _aالجغرافيا - مصطلحات |
| 942 |
_2ddc _cBK |
||
| 999 |
_c8039 _d8039 |
||